NBA Rivalries - Statistics

General Stats
  • This quiz has been taken 1,323 times
    1,315 since last reset
  • The average score is 9 of 26
Answer Stats
Player Player % Correct
Magic Johnson vs Larry Bird
83%
LeBron James vs Kevin Durant
81%
Carmelo Anthony vs Kevin Durant
81%
Kobe Bryant vs Kevin Durant
81%
Reggie Miller vs Michael Jordan
81%
Wilt Chamberlain vs Bill Russell
59%
Michael Jordan vs Byron Russell
54%
Kobe Bryant vs Dwyane Wade
38%
Kobe Bryant vs Tim Duncan
38%
LeBron James vs Kobe Bryant
36%
Shaquille O'Neal vs Kobe Bryant
36%
Patrick Ewing vs Hakeem Olajuwon
34%
Michael Jordan vs Isiah Thomas
34%
Dennis Rodman vs Karl Malone
34%
Kyrie Irving vs John Wall
31%
LeBron James vs Carmelo Anthony
19%
Robert Parish vs Bill Laimbeer
13%
Russell Westbrook vs Derrick Rose
13%
Larry Johnson vs Alonzo Mourning
11%
Blake Griffin vs Kevin Love
10%
Lamarcus Aldridge vs Kevin Love
10%
Steve Nash vs Robert Horry
9%
Chris Paul vs Deron Wiliams
7%
Kermit Washington vs Rudy Tomjanovich
3%
Kareem Abdul-Jabbar vs Elvin Hayes
1%
Gilbert Arenas vs Javaris Crittenton
1%
No matching quizzes found
Score Distribution
Percent of People with Each Score
Percentile by Number Answered
Your Score History
You have not taken this quiz since the last reset